00915nam a22002657a 45000010005000000030006000050050017000110080041000280200018000690400029000870500017001160820008001331000025001412450096001662500041002622600032003033000040003355050007003755200161003825210018005435210018005616500020005796500022005997000028006216053FISKH20250227114144.0250227b cb ||||| |||| 00| 0 eng d a9780439113281 aFISKHbengcFISKHdFISKH aPZ7.D15243 T a823 aDale, Jennyd(1956-) aTug of love /cJenny Dale ; Illustrations by Mick Reid ; Cover illustration by Michael Rowe aThis edition first published in 2000 aLondon :bScholastic,c1997 a108 pages :billustrations ;c20 cm aR  aNeil must try to unravel a mystery when he reunites lost dog Jason with its owners, only to have an angry man turn up claiming the dog was stolen from him. 8 a670 bLexile 8 aR bRaz-Plus  2AnimalsaSmiley 2DogaPuppy Patrol aReid, Mickdillustrator